Japońscy skoczkowie z podium w pś - Statystyki

Ogólne statystyki
  • Ten quiz został rozwiązany 105 razy
  • Średni wynik to 11 z 23
Statystyki odpowiedzi
Skoczkowie Podia % Poprawnych
Ryoyu Kobayashi 51
100%
Junshiro Kobayashi 1
99%
Noriaki Kasai 63
94%
Daiki Ito 17
84%
Kazuyoshi Funaki 38
82%
Yukiya Sato 4
81%
Akira Sato 1
78%
Naoto Ito 1
78%
Takanobu Okabe 23
67%
Masahiko Harada 21
65%
Naoki Nakamura 1
60%
Taku Takeuchi 4
60%
Hideharu Miyahira 10
41%
Fumihisa Yumoto 1
27%
Hiroya Saito 16
27%
Akira Higashi 3
25%
Kazuya Yoshioka 1
21%
Hirokazu Yagi 3
8%
Masahiro Akimoto 8
8%
Hiroo Shima 1
6%
Jinya Nishikata 4
6%
Kenji Suda 1
5%
Yuyi Ashimoto 1
5%
Nie znaleziono quizów pasujących do podanych kryteriów
Rozkład punktacji
Procent ludzi z każdym wynikiem
Percentyl według liczby udzielonych odpowiedzi
Twoja historia wyników
Nie rozwiązałeś tego quizu